<?xml version="1.0" encoding="UTF-8"?>
<record
    xmlns:xsi="http://www.w3.org/2001/XMLSchema-instance"
    xsi:schemaLocation="http://www.loc.gov/MARC21/slim http://www.loc.gov/standards/marcxml/schema/MARC21slim.xsd"
    xmlns="http://www.loc.gov/MARC21/slim">

  <leader>00632nam a22001577a 4500</leader>
  <controlfield tag="003">OSt</controlfield>
  <controlfield tag="005">20151120151711.0</controlfield>
  <controlfield tag="008">151120b        xxu||||| |||| 00| 0 eng d</controlfield>
  <datafield tag="040" ind1=" " ind2=" ">
    <subfield code="c">RUA </subfield>
  </datafield>
  <datafield tag="082" ind1=" " ind2=" ">
    <subfield code="a">FIS &#x17A2;&#x17CA;&#x17B7;&#x1793; 1995 B159 Or.1</subfield>
  </datafield>
  <datafield tag="100" ind1=" " ind2=" ">
    <subfield code="9">3966</subfield>
    <subfield code="a">&#x17A2;&#x17CA;&#x17B7;&#x1793; &#x17A0;&#x17CA;&#x17BB;&#x179B;</subfield>
  </datafield>
  <datafield tag="245" ind1=" " ind2=" ">
    <subfield code="a">Biological and enviromental aspects of inundated forest in reap province, &#x17A5;&#x1791;&#x17D2;&#x1792;&#x17B7;&#x1796;&#x179B;&#x1787;&#x17B8;&#x179C;&#x179F;&#x17B6;&#x179F;&#x17D2;&#x178F;&#x17D2;&#x179A; &#x1793;&#x17B7;&#x1784;&#x1794;&#x179A;&#x17B7;&#x179F;&#x17D2;&#x1790;&#x17B6;&#x1793;&#x1793;&#x17C3;&#x1796;&#x17D2;&#x179A;&#x17C3;&#x179B;&#x17B7;&#x1785;&#x1791;&#x17B9;&#x1780;&#x200B; &#x1780;&#x17D2;&#x1793;&#x17BB;&#x1784;&#x1781;&#x17C1;&#x178F;&#x17D2;&#x178F;&#x179F;&#x17C0;&#x1798;&#x179A;&#x17B6;&#x1794;,</subfield>
  </datafield>
  <datafield tag="260" ind1=" " ind2=" ">
    <subfield code="a">Phnom Penh </subfield>
    <subfield code="b">RUA </subfield>
    <subfield code="c">1995</subfield>
  </datafield>
  <datafield tag="300" ind1=" " ind2=" ">
    <subfield code="a">70p.</subfield>
    <subfield code="b">ill.</subfield>
    <subfield code="c">29cm.</subfield>
  </datafield>
  <datafield tag="942" ind1=" " ind2=" ">
    <subfield code="2">ddc</subfield>
    <subfield code="c">FIS</subfield>
  </datafield>
  <datafield tag="999" ind1=" " ind2=" ">
    <subfield code="c">3687</subfield>
    <subfield code="d">3687</subfield>
  </datafield>
  <datafield tag="952" ind1=" " ind2=" ">
    <subfield code="0">0</subfield>
    <subfield code="1">0</subfield>
    <subfield code="2">ddc</subfield>
    <subfield code="4">0</subfield>
    <subfield code="6">FIS_&#x17A2;&#x17B7;&#x1793;_1995_000000000000000_B159_OR_1</subfield>
    <subfield code="7">0</subfield>
    <subfield code="9">18280</subfield>
    <subfield code="a">LBB</subfield>
    <subfield code="b">LBB</subfield>
    <subfield code="c">B159</subfield>
    <subfield code="d">2015-11-20</subfield>
    <subfield code="o">FIS &#x17A2;&#x17CA;&#x17B7;&#x1793; 1995 B159 Or.1</subfield>
    <subfield code="p">RUA011647</subfield>
    <subfield code="r">2015-11-20</subfield>
    <subfield code="w">2015-11-20</subfield>
    <subfield code="y">FIS</subfield>
  </datafield>
  <datafield tag="952" ind1=" " ind2=" ">
    <subfield code="0">0</subfield>
    <subfield code="1">0</subfield>
    <subfield code="2">ddc</subfield>
    <subfield code="4">0</subfield>
    <subfield code="6">FIS_&#x17A2;&#x17B7;&#x1793;_1995_000000000000000_B159_OR_2</subfield>
    <subfield code="7">0</subfield>
    <subfield code="9">18281</subfield>
    <subfield code="a">LBB</subfield>
    <subfield code="b">LBB</subfield>
    <subfield code="c">B159</subfield>
    <subfield code="d">2015-11-20</subfield>
    <subfield code="o">FIS &#x17A2;&#x17CA;&#x17B7;&#x1793; 1995 B159 Or.2</subfield>
    <subfield code="p">RUA011719</subfield>
    <subfield code="r">2015-11-20</subfield>
    <subfield code="w">2015-11-20</subfield>
    <subfield code="y">FIS</subfield>
  </datafield>
  <datafield tag="952" ind1=" " ind2=" ">
    <subfield code="0">0</subfield>
    <subfield code="1">0</subfield>
    <subfield code="2">ddc</subfield>
    <subfield code="4">0</subfield>
    <subfield code="6">FIS_&#x17A2;&#x17B7;&#x1793;_1995_000000000000000_B159_OR_3</subfield>
    <subfield code="7">0</subfield>
    <subfield code="9">18282</subfield>
    <subfield code="a">LBB</subfield>
    <subfield code="b">LBB</subfield>
    <subfield code="c">B159</subfield>
    <subfield code="d">2015-11-20</subfield>
    <subfield code="o">FIS &#x17A2;&#x17CA;&#x17B7;&#x1793; 1995 B159 Or.3</subfield>
    <subfield code="p">RUA020951</subfield>
    <subfield code="r">2015-11-20</subfield>
    <subfield code="w">2015-11-20</subfield>
    <subfield code="y">FIS</subfield>
  </datafield>
  <datafield tag="952" ind1=" " ind2=" ">
    <subfield code="0">0</subfield>
    <subfield code="1">0</subfield>
    <subfield code="2">ddc</subfield>
    <subfield code="4">0</subfield>
    <subfield code="6">FIS_&#x17A2;&#x17B7;&#x1793;_1995_000000000000000_B159_OR_4</subfield>
    <subfield code="7">0</subfield>
    <subfield code="9">18283</subfield>
    <subfield code="a">LBB</subfield>
    <subfield code="b">LBB</subfield>
    <subfield code="c">B159</subfield>
    <subfield code="d">2015-11-20</subfield>
    <subfield code="o">FIS &#x17A2;&#x17CA;&#x17B7;&#x1793; 1995 B159 Or.4</subfield>
    <subfield code="p">RUA011575</subfield>
    <subfield code="r">2015-11-20</subfield>
    <subfield code="w">2015-11-20</subfield>
    <subfield code="y">FIS</subfield>
  </datafield>
  <datafield tag="952" ind1=" " ind2=" ">
    <subfield code="0">0</subfield>
    <subfield code="1">0</subfield>
    <subfield code="2">ddc</subfield>
    <subfield code="4">0</subfield>
    <subfield code="6">FIS_&#x17A2;&#x17B7;&#x1793;_1995_000000000000000_B159_OR_5</subfield>
    <subfield code="7">0</subfield>
    <subfield code="9">18284</subfield>
    <subfield code="a">LBB</subfield>
    <subfield code="b">LBB</subfield>
    <subfield code="c">B159</subfield>
    <subfield code="d">2015-11-20</subfield>
    <subfield code="o">FIS &#x17A2;&#x17CA;&#x17B7;&#x1793; 1995 B159 Or.5</subfield>
    <subfield code="p">RUA011936</subfield>
    <subfield code="r">2015-11-20</subfield>
    <subfield code="w">2015-11-20</subfield>
    <subfield code="y">FIS</subfield>
  </datafield>
  <datafield tag="952" ind1=" " ind2=" ">
    <subfield code="0">0</subfield>
    <subfield code="1">0</subfield>
    <subfield code="2">ddc</subfield>
    <subfield code="4">0</subfield>
    <subfield code="6">FIS_&#x17A2;&#x17B7;&#x1793;_1995_000000000000000_B159_OR_6</subfield>
    <subfield code="7">0</subfield>
    <subfield code="9">18285</subfield>
    <subfield code="a">LBB</subfield>
    <subfield code="b">LBB</subfield>
    <subfield code="c">B159</subfield>
    <subfield code="d">2015-11-20</subfield>
    <subfield code="o">FIS &#x17A2;&#x17CA;&#x17B7;&#x1793; 1995 B159 Or.6</subfield>
    <subfield code="p">RUA011682</subfield>
    <subfield code="r">2015-11-20</subfield>
    <subfield code="w">2015-11-20</subfield>
    <subfield code="y">FIS</subfield>
  </datafield>
  <datafield tag="952" ind1=" " ind2=" ">
    <subfield code="0">0</subfield>
    <subfield code="1">0</subfield>
    <subfield code="2">ddc</subfield>
    <subfield code="4">0</subfield>
    <subfield code="6">FIS_&#x17A2;&#x17B7;&#x1793;_1995_000000000000000_B159_OR_7</subfield>
    <subfield code="7">0</subfield>
    <subfield code="9">18286</subfield>
    <subfield code="a">LBB</subfield>
    <subfield code="b">LBB</subfield>
    <subfield code="c">B159</subfield>
    <subfield code="d">2015-11-20</subfield>
    <subfield code="o">FIS &#x17A2;&#x17CA;&#x17B7;&#x1793; 1995 B159 Or.7</subfield>
    <subfield code="p">RUA011892</subfield>
    <subfield code="r">2015-11-20</subfield>
    <subfield code="w">2015-11-20</subfield>
    <subfield code="y">FIS</subfield>
  </datafield>
</record>
